LEADER 00996nam a2200229 i 4500 001 000000060523 003 CaOOAMICUS 005 20140508000000.0 008 140508s1916 it u000 u ita u 013 $a31695 040 $aSeMil$bita 100 1 $aChiappelli, Alessandro.$0(OLS)http://semarc/name/30589 245 10$aGuerra, Amore ed Immortalità :$b(Nuovi studi sulla questione della sopravvivenza umana) /$cAlessandro Chiappelli Senatore del Regno. 250 $a2. Edizione ampliata. 260 $aMilano :$bUlrico Hoepli,$c1916. 300 $a258 p. ;$c20 cm. 500 $aContiene : Appendice. 650 4$aAnima - Immortalità.$0(OLS)http://semarc/subject/2656 850 $aSeMil 852 $aSeMil$W1$xVenegono$y1$m2K III 108$j26676$B26676$CSeMilBibl$Z2$F26679 $81 996 $6245$aGuerra, Amore ed Immortalità :$b(Nuovi studi sulla questione della sopravvivenza umana)$9(OLS)http://semarc/title/94874 996 $6260$aMilano :$bUlrico Hoepli$9(OLS)http://semarc/publisher/29765 LEADER 01252nam a2200265 i 4500 001 000000064552 003 CaOOAMICUS 005 20080103000000.0 008 080103s1974 rm u000 u fre u 013 $a35724 040 $aSeMil$bita 245 10$aDe la théologie orthodoxe roumaine des origines à nos jours. 260 $aBucarest :$bÉditions de l'Institut biblique et de mission orthodoxe,$c1974. 300 $a528 p. ;$c24 cm. 500 $aIn testa al front. : L'Église orthodoxe roumaine. - Fondo Card. Giovanni Colombo. 650 4$aChiesa Ortodossa Rumena.$0(OLS)http://semarc/subject/12585 650 4$aReligione - Romania.$0(OLS)http://semarc/subject/10891 650 4$aChiesa cattolica e Chiese Ortodosse.$0(OLS)http://semarc/subject/4349 650 4$aEcumenismo - Cattolici e Ortodossi.$0(OLS)http://semarc/subject/9259 850 $aSeMil 852 $aSeMil$W1$xVenegono$y1$m2M IV 327$j30705$B30705$CSeMilBibl$Z2$F30708 $81 941 1 $a3 961 $aLascito: Colombo Card. Giovanni 996 $6245$aDe la théologie orthodoxe roumaine des origines à nos jours$9(OLS)http://semarc/title/102236 996 $6260$aBucarest :$bÉditions de l'Institut biblique et de mission orthodoxe$9(OLS)http://semarc/publisher/42131